[Event "Llinars del Valles op 4th"]
[Site "Llinars del Valles"]
[Date "2024.06.28"]
[Round "4"]
[White "Escribano Rodriguez, Pedro"]
[Black "Marabajan Navas, Saul"]
[Result "0-1"]
[WhiteElo "1892"]
[BlackElo "2066"]
[PlyCount "64"]
[EventDate "2024.06.25"]
[EventType "swiss"]
[EventRounds "9"]
[EventCountry "ESP"]
[SourceTitle "CBM 221 Extra"]
[Source "ChessBase"]
[SourceDate "2024.09.30"]
[SourceVersion "1"]
[SourceVersionDate "2024.09.30"]
[SourceQuality "1"]

1. a3 d5 2. d4 e6 3. Nf3 Nf6 4. e3 Be7 5. Bd3 Nbd7 6. 0-0 0-0 7. Nbd2 b6 8. Re1 c5 9. c3 Bb7 10. Ne5 Nxe5 11. dxe5 Ne4 12. Qg4 Qc7 13. Nxe4 dxe4 14. Bxe4 Bxe4 15. Qxe4 Rad8 16. f4 c4 17. Kh1 Rd3 18. b4 Rfd8 19. Qf3 Qd7 20. Qe2 Qa4 21. Kg1 Rxc3 22. Ra2 Rcd3 23. Qc2 Qc6 24. e4 b5 25. Qe2 c3 26. f5 a5 27. Qg4 exf5 28. exf5 R8d4 29. Bf4 h5 30. Qe2 Qd5 31. f6 gxf6 32. exf6 Bxf6 0-1

[Event "Sant Adria de Besos op-A 5th"]
[Site "Sant Adria de Besos"]
[Date "2023.08.13"]
[Round "4"]
[White "Brito Carrascal, Isabela"]
[Black "Escribano Rodriguez, Pedro"]
[Result "1/2-1/2"]
[WhiteElo "1585"]
[BlackElo "1764"]
[PlyCount "42"]
[EventDate "2023.08.11"]
[EventType "swiss"]
[EventRounds "9"]
[EventCountry "ESP"]
[SourceTitle "EXT 2024"]
[Source "ChessBase"]
[SourceDate "2023.10.10"]
[SourceVersion "1"]
[SourceVersionDate "2023.10.10"]
[SourceQuality "1"]

1. e4 c5 2. Nf3 Nc6 3. d4 cxd4 4. Nxd4 Nf6 5. f3 d5 6. Bb5 Bd7 7. Bxc6 bxc6 8. e5 Ng8 9. Nb3 e6 10. Be3 c5 11. 0-0 Rc8 12. c4 d4 13. Bf2 Ne7 14. Nc1 Nf5 15. Nd3 Be7 16. Nd2 Bc6 17. Qe2 Ba8 18. Rfe1 0-0 19. Ne4 Qb6 20. g4 Ne3 21. Ng3 Nxc4 1/2-1/2

[Event "Sant Adria de Besos op 17th"]
[Site "Sant Adria de Besos"]
[Date "2023.05.07"]
[Round "3"]
[White "Escribano Rodriguez, Pedro"]
[Black "Ledo Garcia, Joan Benet"]
[Result "0-1"]
[WhiteElo "1964"]
[BlackElo "2224"]
[PlyCount "52"]
[EventDate "2023.04.02"]
[EventType "swiss"]
[EventRounds "9"]
[EventCountry "ESP"]
[SourceTitle "EXT 2024"]
[Source "ChessBase"]
[SourceDate "2023.10.10"]
[SourceVersion "1"]
[SourceVersionDate "2023.10.10"]
[SourceQuality "1"]

1. e4 c5 2. Nf3 e6 3. c3 d5 4. exd5 Qxd5 5. d4 Nf6 6. Na3 Nc6 7. Be3 cxd4 8. Nb5 Qd8 9. Nbxd4 Nxd4 10. Bxd4 Be7 11. Bd3 h6 12. Qc2 Bd7 13. 0-0-0 Bc6 14. Ne5 Qc7 15. Rhe1 Bd6 16. Nxf7 Kxf7 17. Bxf6 gxf6 18. Rxe6 Bf4+ 19. Kb1 Rae8 20. Bg6+ Kg7 21. Rxc6 Qxc6 22. Qf5 Re7 23. f3 Qe6 24. Qd3 Bc7 25. Bh5 f5 26. Qd4+ Be5 0-1

[Event "Barcelona Sant Marti op 10th"]
[Site "Barcelona"]
[Date "2023.03.02"]
[Round "8"]
[White "Escribano Rodriguez, Pedro"]
[Black "Garcia Martinez, Josep"]
[Result "1/2-1/2"]
[WhiteElo "1750"]
[BlackElo "1956"]
[PlyCount "96"]
[EventDate "2023.01.12"]
[EventType "swiss"]
[EventRounds "9"]
[EventCountry "ESP"]
[SourceTitle "CBM 213 Extra"]
[Source "ChessBase"]
[SourceDate "2023.05.31"]
[SourceVersion "1"]
[SourceVersionDate "2023.05.31"]
[SourceQuality "1"]

1. d4 Nf6 2. c4 c5 3. dxc5 e6 4. Nc3 Bxc5 5. e3 b6 6. Nf3 Bb7 7. a3 0-0 8. Bd3 Nc6 9. b4 Be7 10. Qc2 Rc8 11. 0-0 Qc7 12. Bb2 a5 13. b5 Nb8 14. Rac1 d6 15. Ne4 Nbd7 16. Nfg5 Nxe4 17. Nxe4 f5 18. Ng3 Bf6 19. Bxf6 Nxf6 20. Ne2 Nd7 21. Nf4 Nc5 22. Rfd1 g5 23. Ne2 Qg7 24. Nd4 Qf6 25. Nb3 Qe5 26. Nxc5 Rxc5 27. Qd2 Rfc8 28. Bf1 d5 29. e4 fxe4 30. cxd5 exd5 31. Be2 Kg7 32. Bg4 Rxc1 33. Rxc1 Rxc1+ 34. Qxc1 d4 35. Qc4 Bd5 36. Qc8 d3 37. Qd7+ Kg6 38. h3 d2 39. Bh5+ Kf6 40. Qd8+ Kg7 41. Qd7+ Kh6 42. Bd1 Qe6 43. Qd8 Kg6 44. h4 h6 45. h5+ Kf5 46. Qf8+ Ke5 47. Qg7+ Kd6 48. Qd4 Kc7 1/2-1/2

[Event "El Prat de Llobregat op 3rd"]
[Site "El Prat de Llobregat"]
[Date "2022.10.14"]
[Round "3"]
[White "Ortega Mendoza, Josep"]
[Black "Escribano Rodriguez, Pedro"]
[Result "0-1"]
[WhiteElo "1539"]
[BlackElo "1829"]
[PlyCount "52"]
[EventDate "2022.09.30"]
[EventType "swiss"]
[EventRounds "9"]
[EventCountry "ESP"]
[SourceTitle "EXT 2024"]
[Source "ChessBase"]
[SourceDate "2023.10.10"]
[SourceVersion "1"]
[SourceVersionDate "2023.10.10"]
[SourceQuality "1"]

1. e4 Nf6 2. Nc3 d5 3. exd5 Nxd5 4. Bc4 Nxc3 5. bxc3 c5 6. Qf3 e6 7. Rb1 Nc6 8. Nh3 Be7 9. 0-0 0-0 10. Qe4 Bf6 11. Rb5 Be7 12. d4 a6 13. Rb1 cxd4 14. cxd4 Qxd4 15. Qe2 b5 16. Bd3 Qh4 17. Rd1 Bb7 18. Bb2 Rfd8 19. Be4 Na5 20. Bxb7 Nxb7 21. Kh1 Na5 22. Ng1 Nc4 23. Nf3 Qh5 24. Bc3 Bd6 25. Rd4 g5 26. Rg4 Qxg4 0-1

[Event "Canovelles op"]
[Site "Canovelles"]
[Date "2022.01.02"]
[Round "7"]
[White "Escribano Rodriguez, Pedro"]
[Black "Villa Tornero, Alex"]
[Result "0-1"]
[WhiteElo "1730"]
[BlackElo "1891"]
[PlyCount "86"]
[EventDate "2021.12.27"]
[EventType "swiss"]
[EventRounds "7"]
[EventCountry "ESP"]
[SourceTitle "CBM 206 Extra"]
[Source "ChessBase"]
[SourceDate "2022.03.31"]
[SourceVersion "1"]
[SourceVersionDate "2022.03.31"]
[SourceQuality "1"]

1. e4 Nf6 2. e5 Nd5 3. Nc3 Nxc3 4. dxc3 g6 5. h4 h5 6. Bc4 Bg7 7. Qd3 Nc6 8. Nf3 d5 9. Bxd5 Nxe5 10. Nxe5 Bxe5 11. Qe4 Qd6 12. Bxb7 Bxb7 13. Qxb7 0-0 14. Bh6 Rab8 15. Qf3 Rfe8 16. b3 Rbd8 17. 0-0 Qf6 18. Qxf6 Bxf6 19. g3 Bxc3 20. Rad1 f6 21. Be3 a5 22. Rd3 Rxd3 23. cxd3 Rd8 24. Rd1 e5 25. Kf1 Rd5 26. Ke2 c5 27. Rc1 Bb4 28. Rc4 Kf7 29. Bc1 Rd4 30. a3 Rxc4 31. dxc4 Bc3 32. Be3 Bd4 33. Bd2 a4 34. bxa4 Ke6 35. a5 Kd7 36. Be3 Kc6 37. f3 Bxe3 38. Kxe3 f5 39. Ke2 Kb7 40. g4 hxg4 41. fxg4 fxg4 42. Kf2 e4 43. Kg3 e3 0-1

[Event "Barcelona Ciutat op-B"]
[Site "Barcelona"]
[Date "2021.08.24"]
[Round "7"]
[White "Garcia Gil, Oriol"]
[Black "Escribano Rodriguez, Pedro"]
[Result "1/2-1/2"]
[WhiteElo "1696"]
[BlackElo "1757"]
[PlyCount "79"]
[EventDate "2021.08.18"]
[EventType "swiss"]
[EventRounds "9"]
[EventCountry "ESP"]
[SourceTitle "EXT 2022"]
[Source "ChessBase"]
[SourceDate "2021.10.06"]
[SourceVersion "1"]
[SourceVersionDate "2021.10.06"]
[SourceQuality "1"]

1. e4 e5 2. Nf3 Nf6 3. Nc3 Nc6 4. Bb5 Nd4 5. Bc4 Nxf3+ 6. Qxf3 Bc5 7. d3 d6 8. Bg5 c6 9. a4 h6 10. Bxf6 Qxf6 11. Qxf6 gxf6 12. Ne2 Be6 13. Ba2 Rg8 14. g3 f5 15. f3 fxe4 16. fxe4 Ke7 17. Bxe6 Kxe6 18. Rf1 Raf8 19. Rd1 Rg4 20. Nc3 h5 21. Ke2 h4 22. Kf3 Rfg8 23. Ne2 d5 24. h3 Rxg3+ 25. Nxg3 Rxg3+ 26. Ke2 Re3+ 27. Kd2 Rxh3 28. Rh1 Be3+ 29. Ke2 Rxh1 30. Rxh1 Bg5 31. Kf3 f6 32. Kg4 Kd6 33. c3 Kc5 34. Kf3 a5 35. exd5 cxd5 36. Rh2 Kd6 37. Rh3 f5 38. Rh1 e4+ 39. dxe4 dxe4+ 40. Ke2 1/2-1/2

[Event "Barcelona Ciutat op-B"]
[Site "Barcelona"]
[Date "2021.08.20"]
[Round "3"]
[White "Escribano Rodriguez, Pedro"]
[Black "Gutierrez Palomino, Albert"]
[Result "1/2-1/2"]
[WhiteElo "1757"]
[BlackElo "1965"]
[PlyCount "60"]
[EventDate "2021.08.18"]
[EventType "swiss"]
[EventRounds "9"]
[EventCountry "ESP"]
[SourceTitle "EXT 2022"]
[Source "ChessBase"]
[SourceDate "2021.10.06"]
[SourceVersion "1"]
[SourceVersionDate "2021.10.06"]
[SourceQuality "1"]

1. e4 e6 2. d4 d5 3. Nd2 Nc6 4. Ngf3 Nf6 5. exd5 exd5 6. Bb5 Be7 7. Ne5 Bd7 8. Nxd7 Qxd7 9. 0-0 0-0 10. Nf3 Qf5 11. Bd3 Qh5 12. c3 Bd6 13. Bg5 Ne4 14. Bd2 Ne7 15. Bxe4 dxe4 16. Ne5 Qf5 17. Nc4 Rad8 18. f3 Ng6 19. Qc2 Rfe8 20. Rae1 Bf4 21. fxe4 Qg4 22. Bxf4 Nxf4 23. Ne5 Qg5 24. Kh1 Re7 25. Qf2 f6 26. Qxf4 Qxf4 27. Rxf4 fxe5 28. dxe5 Rxe5 29. Kg1 Rde8 30. Kh1 Rd8 1/2-1/2

[Event "Santa Susanna op 15th"]
[Site "Santa Susanna"]
[Date "2021.08.02"]
[Round "2"]
[White "Farre i Benseny, Miquel"]
[Black "Escribano Rodriguez, Pedro"]
[Result "1-0"]
[WhiteElo "1944"]
[BlackElo "1757"]
[PlyCount "59"]
[EventDate "2021.08.02"]
[EventType "swiss"]
[EventRounds "9"]
[EventCountry "ESP"]
[SourceTitle "EXT 2022"]
[Source "ChessBase"]
[SourceDate "2021.10.06"]
[SourceVersion "1"]
[SourceVersionDate "2021.10.06"]
[SourceQuality "1"]

1. e4 c5 2. Nc3 Nc6 3. Bb5 Nd4 4. Bc4 a6 5. a4 e6 6. Nge2 g6 7. Nxd4 cxd4 8. Ne2 Bg7 9. c3 d5 10. exd5 exd5 11. Bd3 Qg5 12. 0-0 Bh3 13. Ng3 Be6 14. f4 Qg4 15. Be2 Qh4 16. f5 Bd7 17. Qe1 0-0-0 18. d3 Re8 19. Rf4 Qe7 20. cxd4 h5 21. Qc3+ Kb8 22. fxg6 fxg6 23. Bf1 h4 24. Ne2 Nh6 25. b4 Rhf8 26. b5 axb5 27. axb5 Bxb5 28. Kh1 g5 29. Ba3 Qe3 30. Bd6# 1-0

[Event "Vall del Tenes op 8th"]
[Site "Vall del Tenes"]
[Date "2019.06.07"]
[Round "6"]
[White "Soler Colomer, Joan"]
[Black "Escribano Rodriguez, Pedro"]
[Result "0-1"]
[WhiteElo "1576"]
[BlackElo "1982"]
[PlyCount "82"]
[EventDate "2019.04.26"]
[EventType "swiss"]
[EventRounds "8"]
[EventCountry "ESP"]
[SourceTitle "EXT 2020"]
[Source "ChessBase"]
[SourceDate "2019.10.17"]
[SourceVersion "1"]
[SourceVersionDate "2019.10.17"]
[SourceQuality "1"]

1. Nf3 Nf6 2. d4 c5 3. d5 b5 4. c4 Bb7 5. Qb3 a6 6. Nbd2 Qa5 7. g3 Ra7 8. Bg2 bxc4 9. Qxc4 Bxd5 10. Qf4 Qc7 11. Qxc7 Rxc7 12. b3 Nc6 13. Bb2 Nb4 14. 0-0 d6 15. Rfc1 e5 16. a3 Nc6 17. b4 Rb7 18. Bc3 cxb4 19. axb4 Rb6 20. Ra4 Be7 21. Rca1 Nb8 22. Nb1 0-0 23. Bd2 Rc8 24. Nc3 Bc6 25. Ra5 Rxb4 26. Nd5 Rb7 27. Nxe7+ Rxe7 28. Bb4 Rd8 29. Nd2 Bxg2 30. Kxg2 Rb7 31. Rb1 Nc6 32. Bc3 Rxb1 33. Nxb1 Nxa5 34. Bxa5 Rc8 35. Nd2 Rc2 36. e3 Kf8 37. h3 Ke7 38. Nf3 Ne4 39. Be1 a5 40. Ng1 a4 41. Kf1 a3 0-1

[Event "Canovelles op-A"]
[Site "Canovelles"]
[Date "1999.??.??"]
[Round "6"]
[White "Costa Trave, Jaume"]
[Black "Escribano Rodriguez, Pedro"]
[Result "1-0"]
[WhiteElo "2250"]
[BlackElo "1985"]
[PlyCount "57"]
[EventDate "1999.??.??"]
[EventType "swiss"]
[EventRounds "9"]
[EventCountry "ESP"]
[SourceTitle "EXT 2000"]
[Source "ChessBase"]
[SourceDate "1999.11.16"]
[SourceVersion "1"]
[SourceVersionDate "1999.11.16"]
[SourceQuality "1"]

1. g4 d5 2. Bg2 c5 3. h3 e5 4. e4 dxe4 5. Bxe4 Nf6 6. Bg2 Nc6 7. d3 Be7 8. Nd2 Be6 9. Ngf3 Qa5 10. Kf1 Rd8 11. Qe1 Qc7 12. Ne4 c4 13. Qe2 cxd3 14. cxd3 Nb4 15. Ne1 Nxd3 16. Nxd3 Rxd3 17. Be3 Bc4 18. Kg1 Rd7 19. Qc2 Nxe4 20. Bxe4 b5 21. Rc1 Kd8 22. b3 Ba3 23. bxc4 Bxc1 24. Qxc1 Qxc4 25. Qb1 Ke7 26. Kh2 h5 27. g5 g6 28. Rc1 Qe6 29. Bc5+ 1-0

[Event "Canovelles op-A"]
[Site "Canovelles"]
[Date "1999.??.??"]
[Round "2"]
[White "Gironella Perello, Lluis"]
[Black "Escribano Rodriguez, Pedro"]
[Result "1-0"]
[WhiteElo "2105"]
[BlackElo "1985"]
[PlyCount "84"]
[EventDate "1999.??.??"]
[EventType "swiss"]
[EventRounds "9"]
[EventCountry "ESP"]
[SourceTitle "EXT 2000"]
[Source "ChessBase"]
[SourceDate "1999.11.16"]
[SourceVersion "1"]
[SourceVersionDate "1999.11.16"]
[SourceQuality "1"]

1. d4 d5 2. Nf3 Nf6 3. c4 c6 4. Nc3 e6 5. Bg5 dxc4 6. e4 b5 7. e5 h6 8. Bh4 g5 9. exf6 gxh4 10. Ne5 Bb7 11. Nxf7 Qxf6 12. Nxh8 Qxh8 13. Qh5+ Kd8 14. Be2 Nd7 15. 0-0 Be7 16. Qf7 Qf6 17. Qxf6 Nxf6 18. Bf3 b4 19. Na4 Nd5 20. Rfe1 Kd7 21. Bg4 Nc7 22. Rad1 Rg8 23. Nc5+ Bxc5 24. dxc5+ Ke7 25. Bh3 Bc8 26. Re4 Nd5 27. Rxc4 Ba6 28. Rxh4 Rg6 29. Rg4 Rxg4 30. Bxg4 Kf6 31. Bf3 Bb5 32. Bxd5 exd5 33. f3 Ke5 34. Kf2 d4 35. f4+ Ke4 36. f5 d3 37. f6 Bc4 38. a3 a5 39. axb4 axb4 40. g4 Bb3 41. Re1+ Kd4 42. Re7 Bc4 1-0